|
|
|
|
| LEADER |
00760nab a2200193 i 4500 |
| 001 |
acta35603 |
| 005 |
20210722124429.0 |
| 008 |
161017s1991 hu o 0|| hun d |
| 022 |
|
|
|a 0865-5960
|
| 040 |
|
|
|a SZTE Egyetemi Kiadványok Repozitórium
|b hun
|
| 041 |
|
|
|a hun
|
| 100 |
1 |
|
|a Kocsány Piroska
|
| 245 |
1 |
0 |
|a Murvai Olga
|h [elektronikus dokumentum] :
|b Szöveg és jelentés. A szabad függő beszéd szövegnyelvészeti vizsgálata : Kriterion, Bukarest, 1980. 195 p. : [könyvismertetés] /
|c Kocsány Piroska
|
| 260 |
|
|
|c 1991
|
| 300 |
|
|
|a 170-174
|
| 490 |
0 |
|
|a Szemiotikai szövegtan
|
| 695 |
|
|
|a Szemiotika, Szövegtan, Könyvismertetés
|
| 700 |
0 |
1 |
|a Murvai Olga
|
| 856 |
4 |
0 |
|u http://acta.bibl.u-szeged.hu/35603/1/szemiotikai_003_170-174.pdf
|z Dokumentum-elérés
|